Актуальные проблемы военно-научных исследований. 2022, вып. 2 (22) (спец. вып.): Сборник статей IV ежегодной Межвузовской конференции "Развитие систем водоснабжения и водоотведения, энергосбережение и охрана окружающей среды", Санкт-Петербург, 27 мая 2022 года (Запись № 12753637)

Подробности
000 -МАРКЕР
контрольное поле 02706nam2a2200313 4500
001 - ИДЕНТИФИКАТОР ЗАПИСИ
контрольное поле RU\NLR\BIBL_A\016226296
005 - ИДЕНТИФИКАТОР ВЕРСИИ
контрольное поле 20250625001809.0
035 ## - ДРУГИЕ СИСТЕМНЫЕ НОМЕРА
Идентификатор записи (NLR Aleph) 016226296
100 ## - ДАННЫЕ ОБЩЕЙ ОБРАБОТКИ
Данные общей обработки 20221202d2022 |||y0rusy50 ca
101 0# - ЯЗЫК РЕСУРСА
Язык текста, звукозаписи и т.д. русский
Язык резюме английский
102 ## - СТРАНА ПУБЛИКАЦИИ ИЛИ ПРОИЗВОДСТВА
Страна публикации Российская Федерация
105 ## - ПОЛЕ КОДИРОВАННЫХ ДАННЫХ: ТЕКСТОВЫЕ МАТЕРИАЛЫ, МОНОГРАФИЧЕСКИЕ
Кодированные данные о монографическом текстовом документе ac z 000yy
200 1# - ЗАГЛАВИЕ И СВЕДЕНИЯ ОБ ОТВЕТСТВЕННОСТИ
Основное заглавие Сборник статей IV ежегодной Межвузовской конференции "Развитие систем водоснабжения и водоотведения, энергосбережение и охрана окружающей среды", Санкт-Петербург, 27 мая 2022 года
210 ## - ПУБЛИКАЦИЯ, РАСПРОСТРАНЕНИЕ И ДР.
Дата издания, распространения и т.д. 2022
Место издания, распространения и т.д. Б. м.
215 ## - ФИЗИЧЕСКАЯ ХАРАКТЕРИСТИКА
Специфическое обозначение материала и объем 252 с.
Другие сведения о физической характеристике ил., портр.
Размеры 21
300 ## - ОБЩИЕ ПРИМЕЧАНИЯ
Текст примечания Конф. посвящ. памяти Засл. деят. науки и техники России, д.т.н. проф. Ю.А. Ильина
300 ## - ОБЩИЕ ПРИМЕЧАНИЯ
Текст примечания Рез. на англ. яз.
320 ## - ПРИМЕЧАНИЯ О НАЛИЧИИ В ДОКУМЕНТЕ БИБЛИОГРАФИИ / УКАЗАТЕЛЯ
Текст примечания Библиогр. в конце ст.
461 #0 - УРОВЕНЬ НАБОРА
Встроенное поле 001RU\NLR\BIBL_A\012091206
-- 2001#$aАктуальные проблемы военно-научных исследований$eсборник научных трудов$fВоен. акад. матер.-техн. обеспечения, Воен. ин-т (инж.-техн.) ВА МТО (Воен. академии матер.-техн. обеспечения им. А.В. Хрулева) [и др.]$v2022, вып. 2 (22) (спец. вып.)
Системный номер (АБИС) связанной записи 11855569
Место публикации Санкт-Петербург
Дата публикации 2019 -
Первые сведения об ответственности Воен. акад. матер.-техн. обеспечения, Воен. ин-т (инж.-техн.) ВА МТО (Воен. академии матер.-техн. обеспечения им. А.В. Хрулева) [и др.]
Имя издателя, распространителя и т.д. ВИ (ИТ) ВА МТО
Сведения, относящиеся к заглавию сборник научных трудов
Заглавие Актуальные проблемы военно-научных исследований
ISSN 2658-7009
Номер тома 2022, вып. 2 (22) (спец. вып.)
606 1# - НАИМЕНОВАНИЕ ТЕМЫ КАК ПРЕДМЕТ
Наименование темы Специальные сооружения военного назначения
Формальный подзаголовок Съезды, совещания и т.п
Тематический подзаголовок Системы жизнеобеспечения
Системный номер авторитетной/нормативной записи 2198704
Идентификатор авторитетной/нормативной записи RU\NLR\AUTH\6601556426
686 1# - ИНДЕКСЫ ДРУГИХ КЛАССИФИКАЦИЙ
Индекс Ц715-4я73-1
702 #1 - ИМЯ ЛИЦА - ВТОРИЧНАЯ ОТВЕТСТВЕННОСТЬ
Начальный элемент ввода Ильин
Часть имени, кроме начального элемента ввода Ю. А.
Дополнения к именам, кроме дат д.т.н., проф.
Расширение инициалов личного имени Юрий Александрович
710 12 - НАИМЕНОВАНИЕ ОРГАНИЗАЦИИ - ПЕРВИЧНАЯ ОТВЕТСТВЕННОСТЬ
Начальный элемент ввода "Развитие систем жизнеобеспечения, энергосбережение и охрана окружающей среды", межвузовская научно-практическая конференция
Порядковый номер временной организации и / или порядковый номер ее части 4
Место проведения временной организации Санкт-Петербург
Дата проведения временной организации 2022
Системный номер авторитетной/нормативной записи 823453
Идентификатор авторитетной/нормативной записи RU\NLR\AUTH\880578896
852 ## - МЕСТОНАХОЖДЕНИЕ И ШИФР ХРАНЕНИЯ
Идентификатор организации NLR
Шифр хранения (Call Number) П10/7830
942 ## - ДОПОЛНИТЕЛЬНЫЕ ЭЛЕМЕНТЫ ЗАПИСИ (АБИС)
Тип экземпляра АБИС Выпуск
980 ## - КОЛЛЕКЦИЯ
Название коллекции Национальная библиография
980 ## - КОЛЛЕКЦИЯ
Название коллекции Русская периодика

Нет доступных экземпляров.